000
00322nam a2200145Ia 4500
008
090124s9999 xx 000 0 und d
082
_b
401979
245
_a
उमज
250
_a
1
260
_b
देवधर स.कृ.
_c
1986
300
_a
80
630
_a
उमज
730
_a
उमज
942
_c
BOOK
999
_c
198439
_d
198439